[Event "Moscow-ch Final (Women)"]
[Site "Moscow"]
[Date "2021.03.30"]
[Round "6"]
[White "Zvereva, Margarita"]
[Black "Ilyina, Lada"]
[Result "0-1"]
[WhiteElo "1951"]
[BlackElo "1959"]
[PlyCount "110"]
[EventDate "2021.03.25"]
[EventType "swiss"]
[EventRounds "9"]
[EventCountry "RUS"]
[SourceTitle "CBM 202 Extra"]
[Source "ChessBase"]
[SourceDate "2021.07.31"]
[SourceVersion "1"]
[SourceVersionDate "2021.07.31"]
[SourceQuality "1"]

1. e4 e6 2. d4 d5 3. Nd2 Nf6 4. e5 Nfd7 5. Bd3 c5 6. c3 Nc6 7. Ne2 b6 8. 0-0 Bb7 9. f4 g6 10. Nf3 Be7 11. Be3 a6 12. a4 Na5 13. Bf2 Bc6 14. Bc2 c4 15. Qe1 b5 16. axb5 axb5 17. Bh4 Nb6 18. Bxe7 Qxe7 19. g4 h5 20. h3 hxg4 21. hxg4 Kd7 22. Kf2 Kc7 23. f5 gxf5 24. gxf5 Nb3 25. Rb1 Bd7 26. f6 Qf8 27. Rh1 Rxh1 28. Qxh1 b4 29. Bxb3 cxb3 30. Nd2 Ba4 31. cxb4 Qxb4 32. Qc1+ Kb7 33. Qc3 Qb5 34. Qe3 Rh8 35. Nc3 Qe8 36. Qg3 Nc4 37. Nxc4 dxc4 38. Ne4 Qc6 39. Nc5+ Kb6 40. Nxa4+ Qxa4 41. Qe3 Kb7 42. Qe4+ Qc6 43. Qxc6+ Kxc6 44. Ke3 Kd5 45. Ra1 Rh3+ 46. Kd2 Kxd4 47. Ra7 Rh2+ 48. Kc1 Rh7 49. Rc7 Ke3 50. Rd7 Rh1+ 51. Rd1 Rxd1+ 52. Kxd1 Kd3 53. Kc1 Kd4 54. Kd2 Kxe5 55. Kc3 Kd5 0-1

[Event "Moscow-ch Final (Women)"]
[Site "Moscow"]
[Date "2021.03.28"]
[Round "4"]
[White "Ilyina, Lada"]
[Black "Paramzina, Anastasya"]
[Result "0-1"]
[WhiteElo "1959"]
[BlackElo "2252"]
[PlyCount "126"]
[EventDate "2021.03.25"]
[EventType "swiss"]
[EventRounds "9"]
[EventCountry "RUS"]
[SourceTitle "CBM 202 Extra"]
[Source "ChessBase"]
[SourceDate "2021.07.31"]
[SourceVersion "1"]
[SourceVersionDate "2021.07.31"]
[SourceQuality "1"]

1. e4 c5 2. Nf3 d6 3. Bb5+ Nd7 4. d4 cxd4 5. Qxd4 a6 6. Bxd7+ Bxd7 7. Nc3 e5 8. Qd3 Rc8 9. Bg5 Be7 10. Bxe7 Qxe7 11. Rd1 Rc6 12. Nd2 Be6 13. Nd5 Bxd5 14. exd5 Rc7 15. 0-0 Nf6 16. Rfe1 0-0 17. f4 Nd7 18. f5 Rfc8 19. c3 Nf6 20. c4 b5 21. b3 bxc4 22. bxc4 Rb7 23. Rb1 h6 24. Ne4 Nxe4 25. Qxe4 Rcb8 26. Rxb7 Qxb7 27. f6 Qa7+ 28. Kf1 gxf6 29. Re2 Qc5 30. g3 Rb4 31. Rc2 f5 32. Qxf5 Rxc4 33. Rf2 Qxd5 34. Qf3 Qxf3 35. Rxf3 Rc1+ 36. Kg2 d5 37. Rf5 Re1 38. Kf2 Re4 39. Rf6 Ra4 40. Rxh6 Rxa2+ 41. Kf3 Ra3+ 42. Kg4 e4 43. Rd6 Rd3 44. Rxa6 d4 45. Ra2 Rd1 46. Re2 e3 47. Kf3 Kg7 48. Ke4 f5+ 49. Kxf5 Rd2 50. Re1 Rxh2 51. Ke4 Rd2 52. Kf3 Kf6 53. Ra1 e2 54. Ra6+ Ke5 55. Ra5+ Ke6 56. Ra6+ Kd5 57. Ra5+ Kc4 58. Ra1 d3 59. Re1 Kd4 60. g4 Rd1 61. Rxe2 dxe2 62. Kxe2 Rg1 63. Kf3 Ke5 0-1

[Event "Moscow-ch Rapid (Women)"]
[Site "Moscow"]
[Date "2021.03.21"]
[Round "7"]
[White "Borisova, Ekaterina"]
[Black "Ilyina, Lada"]
[Result "1-0"]
[WhiteElo "2256"]
[BlackElo "1959"]
[PlyCount "127"]
[EventDate "2021.03.20"]
[EventType "tourn (rapid)"]
[EventRounds "9"]
[EventCountry "RUS"]
[SourceTitle "CBM 201 Extra"]
[Source "ChessBase"]
[SourceDate "2021.05.31"]
[SourceVersion "1"]
[SourceVersionDate "2021.05.31"]
[SourceQuality "1"]

1. d4 d6 2. Nf3 Nd7 3. c4 g6 4. Nc3 Bg7 5. g3 Ngf6 6. Bg2 0-0 7. 0-0 e5 8. e4 h6 9. Re1 Re8 10. h3 b6 11. Be3 Bb7 12. d5 Nc5 13. Qc2 a5 14. b3 Bc8 15. a3 Bd7 16. b4 Nb7 17. Rec1 Qe7 18. Ne1 Nh7 19. Qd2 Qf8 20. Nd3 f5 21. h4 Nf6 22. f3 Nh5 23. Bf2 Bf6 24. Rab1 f4 25. g4 Ng7 26. c5 bxc5 27. bxc5 Nxc5 28. Nxc5 dxc5 29. Nb5 Bxb5 30. Rxb5 Be7 31. Bxc5 Bd6 32. a4 Reb8 33. Bxd6 cxd6 34. Rxa5 Rxa5 35. Qxa5 Rb2 36. Qc3 Ra2 37. Qb3 Re2 38. a5 Qa8 39. Qb6 Ra2 40. Rc6 Qxa5 41. Qxa5 Rxa5 42. Rxd6 h5 43. g5 Ra1+ 44. Kh2 Ra7 45. Rxg6 Kf7 46. Rf6+ Ke7 47. Bf1 Ra2+ 48. Kg1 Ra3 49. Kf2 Ra2+ 50. Be2 Rd2 51. Ra6 Rb2 52. Ra7+ Kf8 53. Ke1 Rb6 54. Kd2 Ne8 55. Rh7 Ng7 56. Rh8+ Kf7 57. Bc4 Ke7 58. Kc3 Rd6 59. Kb4 Rd7 60. Bb5 Rc7 61. Rh6 Rc1 62. d6+ Kf7 63. Rf6+ Kg8 64. Bc4+ 1-0

[Event "Moscow-ch Rapid (Women)"]
[Site "Moscow"]
[Date "2021.03.21"]
[Round "8"]
[White "Ilyina, Lada"]
[Black "Zvereva, Margarita"]
[Result "1-0"]
[WhiteElo "1959"]
[BlackElo "1951"]
[PlyCount "99"]
[EventDate "2021.03.20"]
[EventType "tourn (rapid)"]
[EventRounds "9"]
[EventCountry "RUS"]
[SourceTitle "CBM 201 Extra"]
[Source "ChessBase"]
[SourceDate "2021.05.31"]
[SourceVersion "1"]
[SourceVersionDate "2021.05.31"]
[SourceQuality "1"]

1. e4 c5 2. d3 d6 3. g3 g6 4. Bg2 Bg7 5. f4 e6 6. Nf3 Ne7 7. 0-0 0-0 8. c3 Nbc6 9. Be3 Rb8 10. d4 cxd4 11. cxd4 f5 12. e5 Nd5 13. Bf2 b6 14. Nc3 Nce7 15. Re1 b5 16. Qb3 h6 17. Nxd5 Nxd5 18. Nh4 Ne7 19. d5 g5 20. fxg5 hxg5 21. Nf3 Nxd5 22. Nd4 Rb6 23. Bxd5 exd5 24. Qxd5+ Kh8 25. e6 Qf6 26. Nc6 Rb7 27. Qxd6 Re8 28. Bd4 Qg6 29. Bxg7+ Rxg7 30. Nd8 Qf6 31. Rad1 Rgg8 32. e7 Qxd6 33. Nf7+ Kg7 34. Nxd6 Bd7 35. Nxe8+ Bxe8 36. Rd5 Kf6 37. Rde5 f4 38. gxf4 gxf4+ 39. Kf2 Rh8 40. Re6+ Kf7 41. Kg1 Rg8+ 42. Kf1 Rh8 43. R1e2 f3 44. R2e3 Rxh2 45. R6e4 Rxb2 46. Rxf3+ Kg7 47. Rg4+ Kh6 48. Rh3+ Bh5 49. Rxh5+ Kxh5 50. Re4 1-0

[Event "Moscow-ch rapid (Women)"]
[Site "Moscow"]
[Date "2020.11.07"]
[Round "2"]
[White "Fominykh, Maria"]
[Black "Ilyina, Lada"]
[Result "1-0"]
[WhiteElo "2206"]
[BlackElo "1959"]
[PlyCount "79"]
[EventDate "2020.11.07"]
[EventType "swiss (rapid)"]
[EventRounds "9"]
[EventCountry "RUS"]
[SourceTitle "CBM 199 Extra"]
[Source "ChessBase"]
[SourceDate "2021.01.31"]
[SourceVersion "1"]
[SourceVersionDate "2021.01.31"]
[SourceQuality "1"]

1. d4 d6 2. Nf3 Nd7 3. c4 e5 4. Nc3 g6 5. e4 Bg7 6. d5 Ngf6 7. h3 Nc5 8. Qc2 a5 9. Be3 b6 10. g4 Bd7 11. Nd2 h6 12. Be2 g5 13. Nf1 h5 14. Bxg5 hxg4 15. Ng3 Qc8 16. h4 Nh5 17. Nf5 Bxf5 18. exf5 f6 19. Be3 g3 20. fxg3 Nxg3 21. Rg1 Nxe2 22. Qxe2 Bf8 23. Qg4 Qd7 24. Bxc5 bxc5 25. Ne4 Be7 26. Qg6+ Kd8 27. Nxf6 Qa4 28. b3 Qb4+ 29. Ke2 Kc8 30. h5 Kb7 31. Ne4 a4 32. f6 Bf8 33. Rab1 a3 34. f7 Rh6 35. Qf5 Be7 36. Rg8 Bf8 37. Qg5 Rh7 38. Qg6 Rg7 39. Rxg7 Bxg7 40. Qxg7 1-0

[Event "Moscow-ch rapid (Women)"]
[Site "Moscow"]
[Date "2020.11.07"]
[Round "1"]
[White "Ilyina, Lada"]
[Black "Gvanceladze, Anna"]
[Result "1/2-1/2"]
[WhiteElo "1959"]
[BlackElo "2254"]
[PlyCount "144"]
[EventDate "2020.11.07"]
[EventType "swiss (rapid)"]
[EventRounds "9"]
[EventCountry "RUS"]
[SourceTitle "CBM 199 Extra"]
[Source "ChessBase"]
[SourceDate "2021.01.31"]
[SourceVersion "1"]
[SourceVersionDate "2021.01.31"]
[SourceQuality "1"]

1. e4 c6 2. d4 d5 3. e5 Bf5 4. h4 h6 5. g4 Bd7 6. h5 e6 7. f4 c5 8. c3 Nc6 9. Nf3 Qb6 10. Rh2 0-0-0 11. Be3 Kb8 12. Qb3 Na5 13. Qxb6 axb6 14. b3 Rc8 15. Bd3 c4 16. Bc2 cxb3 17. axb3 Ne7 18. Bd1 Nec6 19. Rha2 Na7 20. Nfd2 Nb5 21. c4 dxc4 22. bxc4 Nc7 23. c5 Na6 24. cxb6 Nc4 25. Nxc4 Rxc4 26. Be2 Bb4+ 27. Kf2 Rcc8 28. Bxa6 bxa6 29. Rxa6 Bc6 30. Na3 Bxa3 31. R1xa3 Bb7 32. R6a4 Rc2+ 33. Ke1 Rhc8 34. Bd2 Rb2 35. Rc3 Rxb6 36. Rxc8+ Kxc8 37. Rc4+ Kd7 38. Ba5 Rb1+ 39. Kd2 Bc6 40. Rb4 Rg1 41. Bb6 Rxg4 42. Ke3 Rg3+ 43. Ke2 Rg2+ 44. Ke3 Rg3+ 45. Ke2 Rf3 46. Rb1 Rxf4 47. Rg1 Bf3+ 48. Ke3 Rf5 49. Rxg7 Bxh5 50. Rh7 Kc6 51. Bc5 Kd5 52. Rxh6 Bg6 53. Rh4 Rg5 54. Rh3 Rg2 55. Rh4 Ra2 56. Rh8 Rb2 57. Rd8+ Kc4 58. Rc8 Rb3+ 59. Kf4 Kd5 60. Kg5 Rg3+ 61. Kf6 Rf3+ 62. Ke7 Rf1 63. Rd8+ Ke4 64. Rh8 Rd1 65. Rh4+ Kf5 66. Rh2 Ke4 67. Rh4+ Kd5 68. Rf4 Rb1 69. Rh4 Rb7+ 70. Kf6 Rb1 71. Rf4 Rg1 72. Ke7 Rb1 1/2-1/2

[Event "Moscow-ch rapid (Women)"]
[Site "Moscow"]
[Date "2020.11.07"]
[Round "4"]
[White "Nur Mukhametova, Alisa"]
[Black "Ilyina, Lada"]
[Result "1-0"]
[WhiteElo "2212"]
[BlackElo "1959"]
[PlyCount "183"]
[EventDate "2020.11.07"]
[EventType "swiss (rapid)"]
[EventRounds "9"]
[EventCountry "RUS"]
[SourceTitle "CBM 199 Extra"]
[Source "ChessBase"]
[SourceDate "2021.01.31"]
[SourceVersion "1"]
[SourceVersionDate "2021.01.31"]
[SourceQuality "1"]

1. Nf3 Nf6 2. g3 g6 3. Bg2 Bg7 4. 0-0 0-0 5. d4 d6 6. c4 Nbd7 7. Nc3 e6 8. e4 e5 9. Qc2 exd4 10. Nxd4 Nc5 11. Rd1 Nfd7 12. f4 Ne6 13. Nde2 a5 14. Be3 Rb8 15. a3 b6 16. b4 Bb7 17. f5 gxf5 18. exf5 Ng5 19. Bxb7 Rxb7 20. Kg2 h6 21. h4 Nh7 22. Nd4 Ne5 23. Nd5 Re8 24. Bg1 Nf6 25. Rab1 axb4 26. axb4 Nxd5 27. cxd5 Qf6 28. Rf1 Ra8 29. Ra1 Rba7 30. Rxa7 Rxa7 31. Nb5 Rb7 32. Nxc7 Qd8 33. Nb5 Qd7 34. Qe2 Qd8 35. Rc1 Qf6 36. Nd4 Nd7 37. Rc8+ Nf8 38. Rc1 Re7 39. Qf3 Ra7 40. Rc2 Ra4 41. Nc6 Qa1 42. Qf1 Qxf1+ 43. Kxf1 Ra1+ 44. Kg2 Rb1 45. Bxb6 Nd7 46. Be3 Nf6 47. Rd2 Ne4 48. Rc2 Nf6 49. Rc1 Rb3 50. Bd4 Nxd5 51. Bxg7 Kxg7 52. Rd1 Nxb4 53. Nxb4 Rxb4 54. Rxd6 Rb2+ 55. Kf3 h5 56. Rd4 f6 57. Rd7+ Kh6 58. Rf7 Rb6 59. Re7 Rb4 60. Kg2 Rc4 61. Kf3 Rb4 62. Rf7 Rb6 63. Kg2 Rc6 64. Kh3 Rb6 65. Kg2 Rc6 66. Kf3 Rb6 67. Ke4 Rd6 68. Re7 Rd1 69. Re6 Kg7 70. Re7+ Kh6 71. Rf7 Rd6 72. Kf4 Rc6 73. Ke4 Rd6 74. Ke3 Rc6 75. Kd4 Rd6+ 76. Kc5 Ra6 77. Kd5 Rb6 78. Re7 Rb3 79. Ke6 Rxg3 80. Kxf6 Rf3 81. Re8 Kh7 82. Kg5 Kg7 83. Re7+ Kf8 84. Rh7 Rg3+ 85. Kf6 Kg8 86. Rxh5 Ra3 87. Kg6 Kf8 88. Rh8+ Ke7 89. f6+ Ke6 90. Re8+ Kd7 91. f7 Rg3+ 92. Kh5 1-0

[Event "EU-ch U16 Girls"]
[Site "Bratislava"]
[Date "2019.08.07"]
[Round "6"]
[White "Ilyina, Lada"]
[Black "Donghvani, Nia"]
[Result "0-1"]
[WhiteElo "2048"]
[BlackElo "1864"]
[PlyCount "132"]
[EventDate "2019.08.02"]
[EventType "swiss"]
[EventRounds "9"]
[EventCountry "SVK"]
[SourceTitle "CBM 191 Extra"]
[Source "ChessBase"]
[SourceDate "2019.09.30"]
[SourceVersion "1"]
[SourceVersionDate "2019.09.30"]
[SourceQuality "1"]

1. e4 c5 2. Nf3 e6 3. Nc3 a6 4. g3 Nc6 5. Bg2 Nf6 6. d3 d6 7. 0-0 Be7 8. Ne1 0-0 9. f4 Bd7 10. g4 Rc8 11. h3 b5 12. Ne2 Ne8 13. c3 f5 14. exf5 exf5 15. g5 Be6 16. d4 d5 17. Be3 c4 18. Nf3 Nd6 19. Ng3 Ne4 20. Nxe4 fxe4 21. Ne5 Bd6 22. Qh5 Ne7 23. Kh2 Nf5 24. Rae1 Qe8 25. Qxe8 Rfxe8 26. Bf2 b4 27. h4 bxc3 28. bxc3 Rb8 29. Rb1 Rb5 30. a4 Ra5 31. Ra1 Bxe5 32. fxe5 Bd7 33. Bh3 g6 34. Bxf5 gxf5 35. Bg3 Rxa4 36. Rxa4 Bxa4 37. Rxf5 Bd7 38. Rf6 Re6 39. Rf1 a5 40. Bf4 Rb6 41. h5 a4 42. Bc1 Rb3 43. g6 hxg6 44. Rf6 gxh5 45. Rg6+ Kh7 46. Rd6 Be8 47. Re6 Rb8 48. Re7+ Kg8 49. Kg3 Bb5 50. Kh4 Ra8 51. Kxh5 a3 52. Kg6 Be8+ 53. Kf6 a2 54. Bb2 e3 55. Rg7+ Kh8 56. Rg1 e2 57. Rh1+ Kg8 58. Rg1+ Kh8 59. Rh1+ Kg8 60. Rg1+ Kf8 61. e6 Bf7 62. exf7 Ra6+ 63. Ke5 Kxf7 64. Kxd5 Rb6 65. Kxc4 Rxb2 66. Ra1 Rb1 0-1

[Event "EU-ch U16 Girls"]
[Site "Bratislava"]
[Date "2019.08.03"]
[Round "2"]
[White "Ilyina, Lada"]
[Black "Diez, Ambre"]
[Result "1-0"]
[WhiteElo "2048"]
[BlackElo "1908"]
[PlyCount "115"]
[EventDate "2019.08.02"]
[EventType "swiss"]
[EventRounds "9"]
[EventCountry "SVK"]
[SourceTitle "CBM 191 Extra"]
[Source "ChessBase"]
[SourceDate "2019.09.30"]
[SourceVersion "1"]
[SourceVersionDate "2019.09.30"]
[SourceQuality "1"]

1. d4 Nf6 2. Nf3 g6 3. g3 Bg7 4. Bg2 d6 5. Nc3 0-0 6. e4 Nc6 7. 0-0 e5 8. d5 Ne7 9. Nd2 Nd7 10. Nc4 f5 11. f3 Nf6 12. Bd2 c6 13. dxc6 bxc6 14. Re1 Ba6 15. Bf1 Kh8 16. Kh1 h6 17. exf5 Bxc4 18. Bxc4 Nxf5 19. Bd3 Qd7 20. Bxf5 gxf5 21. Be3 Rg8 22. Qd2 Kh7 23. f4 e4 24. Rad1 Rad8 25. Bd4 Qf7 26. Qe2 Nh5 27. Qf2 Bxd4 28. Rxd4 Rg6 29. Red1 Re6 30. Qe3 Nf6 31. Ra4 Re7 32. h3 d5 33. Ne2 Qh5 34. Kg2 Rde8 35. Rxa7 c5 36. Rxe7+ Rxe7 37. c3 Rc7 38. Rd2 Qg6 39. a4 h5 40. a5 h4 41. a6 Qg8 42. Kh2 Nh5 43. Rd1 Rg7 44. Qxc5 Qb8 45. Qxd5 hxg3+ 46. Kg2 Nxf4+ 47. Nxf4 Qxf4 48. Rf1 Qe3 49. Qxf5+ Kg8 50. Qd5+ Kh7 51. Qd1 Qb6 52. Qh5+ Kg8 53. Qd5+ Kh7 54. Qxe4+ Kg8 55. Qc4+ Kh7 56. b4 Rc7 57. Qe4+ Kg8 58. Rf5 1-0

[Event "Moscow-ch final (Women)"]
[Site "Moscow"]
[Date "2019.04.05"]
[Round "7"]
[White "Ilyina, Lada"]
[Black "Strukova, Ksenia"]
[Result "1-0"]
[WhiteElo "1877"]
[BlackElo "1919"]
[PlyCount "73"]
[EventDate "2019.03.30"]
[EventType "swiss"]
[EventRounds "9"]
[EventCountry "RUS"]
[SourceTitle "CBM 189 Extra"]
[Source "ChessBase"]
[SourceDate "2019.06.03"]
[SourceVersion "1"]
[SourceVersionDate "2019.06.03"]
[SourceQuality "1"]

1. d4 Nf6 2. c4 g6 3. f3 Bg7 4. e4 d6 5. Nc3 0-0 6. Be3 a6 7. Qd2 Nc6 8. 0-0-0 Rb8 9. g4 h5 10. g5 Ne8 11. f4 Na7 12. Bd3 b5 13. Nf3 bxc4 14. Bxc4 Nb5 15. Nh4 e6 16. f5 Bxd4 17. Bxb5 Bxe3 18. Qxe3 axb5 19. fxg6 b4 20. Ne2 Rb5 21. Rhg1 fxg6 22. Nxg6 Rf7 23. Ngf4 Re5 24. Nxh5 Ng7 25. Nf6+ Kf8 26. Nh7+ Kg8 27. g6 Rff5 28. Nd4 Bb7 29. Nxf5 Nxf5 30. Qg5 Qxg5+ 31. Rxg5 Bxe4 32. Nf6+ Kg7 33. Ne8+ Kg8 34. g7 Rc5+ 35. Kd2 Rc2+ 36. Ke1 Nxg7 37. Nxg7 1-0

[Event "Moscow-ch final (Women)"]
[Site "Moscow"]
[Date "2019.03.30"]
[Round "1"]
[White "Ilyina, Lada"]
[Black "Mirzoeva, Elmira"]
[Result "0-1"]
[WhiteElo "1877"]
[BlackElo "2281"]
[PlyCount "131"]
[EventDate "2019.03.30"]
[EventType "swiss"]
[EventRounds "9"]
[EventCountry "RUS"]
[SourceTitle "CBM 189 Extra"]
[Source "ChessBase"]
[SourceDate "2019.06.03"]
[SourceVersion "1"]
[SourceVersionDate "2019.06.03"]
[SourceQuality "1"]

1. e4 d6 2. d4 Nf6 3. Nc3 e5 4. Nf3 Nbd7 5. Bc4 Be7 6. 0-0 0-0 7. h3 c6 8. a4 a5 9. Be3 Nb6 10. Bb3 Nfd7 11. Ne2 exd4 12. Nexd4 Nc5 13. Nd2 d5 14. exd5 Nxd5 15. Bxd5 Qxd5 16. Qf3 Qxf3 17. N2xf3 f6 18. Bf4 Bd7 19. Rfe1 Kf7 20. b3 Rfe8 21. Nd2 b5 22. Bc7 Rec8 23. Bg3 Bf8 24. Ne4 Nxe4 25. Rxe4 g5 26. Re2 h5 27. Rd1 Ra7 28. Red2 h4 29. Bh2 bxa4 30. bxa4 Bb4 31. Rd3 Rb7 32. Rb1 Re8 33. Rdb3 c5 34. Nb5 Bxb5 35. axb5 c4 36. Re3 Rxe3 37. fxe3 c3 38. Kf2 Ke6 39. Ke2 Rxb5 40. e4 Rb7 41. Bg1 Ke5 42. Kf3 Rd7 43. Be3 Rd8 44. Ra1 Ra8 45. Ra4 Ra6 46. Bf2 Rc6 47. Be3 Ra6 48. Bf2 Kd6 49. Bd4 Kc6 50. Ke3 Kb5 51. Ra1 Kc4 52. Rf1 Rd6 53. Bxf6 Bc5+ 54. Ke2 Rd2+ 55. Kf3 Rxc2 56. Bxg5 Rb2 57. Ra1 Rf2+ 58. Kg4 Rxg2+ 59. Kf5 c2 60. Bf4 Rf2 61. Kg4 Bd4 62. Re1 Bc3 63. Rg1 Bd2 64. Bxd2 Rxd2 65. Rc1 Kd3 66. Ra1 0-1

[Event "Voronezh op-B 22nd"]
[Site "Voronezh"]
[Date "2018.06.19"]
[Round "8"]
[White "Ilyina, Lada"]
[Black "Kuzmin, Roman"]
[Result "1-0"]
[WhiteElo "2031"]
[BlackElo "1963"]
[PlyCount "85"]
[EventDate "2018.06.12"]
[EventType "swiss"]
[EventRounds "9"]
[EventCountry "RUS"]
[SourceTitle "CBM 185 Extra"]
[Source "ChessBase"]
[SourceDate "2018.07.29"]
[SourceVersion "1"]
[SourceVersionDate "2018.07.29"]
[SourceQuality "1"]

1. e4 c5 2. d3 e6 3. g3 Nc6 4. Bg2 d5 5. Nd2 Nf6 6. f4 dxe4 7. Nxe4 Nxe4 8. Bxe4 Qc7 9. Ne2 Bd6 10. Be3 e5 11. f5 Nd4 12. 0-0 g6 13. Nxd4 exd4 14. Bg5 Bxg3 15. Qe2 Be5 16. Bc6+ bxc6 17. Bf6 0-0 18. Bxe5 Re8 19. Rae1 Qe7 20. Qg2 Bd7 21. Re4 Qf8 22. fxg6 hxg6 23. Qg5 Re6 24. Rh4 Rxe5 25. Qxe5 Qg7 26. Qxc5 Re8 27. Qxd4 Qxd4+ 28. Rxd4 Bh3 29. Rf3 Be6 30. c4 c5 31. Rd6 Bg4 32. Rf2 Bh3 33. Rd2 Re1+ 34. Kf2 Ra1 35. b3 g5 36. Rd5 g4 37. Rxc5 f5 38. Kg3 Rg1+ 39. Kf4 Rf1+ 40. Kg5 f4 41. Kg6 g3 42. Re2 Bd7 43. Rc8+ 1-0

[Event "Voronezh op-B 22nd"]
[Site "Voronezh"]
[Date "2018.06.18"]
[Round "7"]
[White "Ilyina, Lada"]
[Black "Koshevarov, Alexander"]
[Result "1-0"]
[WhiteElo "2031"]
[BlackElo "2030"]
[PlyCount "81"]
[EventDate "2018.06.12"]
[EventType "swiss"]
[EventRounds "9"]
[EventCountry "RUS"]
[SourceTitle "CBM 185 Extra"]
[Source "ChessBase"]
[SourceDate "2018.07.29"]
[SourceVersion "1"]
[SourceVersionDate "2018.07.29"]
[SourceQuality "1"]

1. d4 Nf6 2. c4 g6 3. f3 Bg7 4. e4 d6 5. Nc3 0-0 6. Be3 e5 7. Nge2 c6 8. Qd2 Nbd7 9. 0-0-0 a6 10. g4 b5 11. c5 Qa5 12. b3 exd4 13. Nxd4 dxc5 14. Nxc6 Qa3+ 15. Kb1 c4 16. Qc1 Qxc1+ 17. Rxc1 cxb3 18. axb3 b4 19. Ne7+ Kh8 20. Ncd5 Nxd5 21. Nxd5 a5 22. Bb5 Ne5 23. Bc5 Rg8 24. Ne7 Nxf3 25. Nxg8 Be6 26. Ne7 Nd2+ 27. Kc2 Nxb3 28. Bc6 Ra6 29. Rcd1 Bf6 30. Rd8+ Kg7 31. Rg8+ Kh6 32. Be3+ Bg5 33. Bxg5+ Kxg5 34. Bd5 a4 35. Rb8 Kf6 36. Ng8+ Kg7 37. g5 Nd4+ 38. Kd3 Nc6 39. Bxc6 Rxc6 40. Nf6 Bc8 41. Rxb4 1-0

[Event "Moscow-ch (Women)"]
[Site "Moscow"]
[Date "2018.04.01"]
[Round "9"]
[White "Ilyina, Lada"]
[Black "Wagner, Dinara"]
[Result "0-1"]
[WhiteElo "1757"]
[BlackElo "2305"]
[PlyCount "64"]
[EventDate "2018.03.24"]
[EventType "swiss"]
[EventRounds "9"]
[EventCountry "RUS"]
[SourceTitle "CBM 183 Extra"]
[Source "ChessBase"]
[SourceDate "2018.04.19"]
[SourceVersion "1"]
[SourceVersionDate "2018.04.19"]
[SourceQuality "1"]

1. e4 c5 2. Nf3 e6 3. g4 Nc6 4. Bg2 Nf6 5. Qe2 d5 6. e5 Nd7 7. c3 Qc7 8. d4 cxd4 9. cxd4 Nxd4 10. Nxd4 Qxc1+ 11. Qd1 Qxb2 12. Nb3 Qxe5+ 13. Kf1 Be7 14. Bf3 Qf6 15. Kg2 Ne5 16. Be2 0-0 17. N1d2 b6 18. f4 Nc4 19. Nxc4 dxc4 20. Nd2 Rd8 21. Qc2 Bb7+ 22. Nf3 c3 23. Rhd1 g6 24. Rxd8+ Rxd8 25. Rd1 Rxd1 26. Qxd1 Qf5 27. Qd7 Qe4 28. Kf1 c2 29. Qc7 Bc5 30. Qd8+ Kg7 31. Qd2 Be3 32. Qc3+ Kg8 0-1

[Event "Moscow op-B (Women) 14th"]
[Site "Moscow"]
[Date "2018.01.30"]
[Round "4"]
[White "Ilyina, Lada"]
[Black "Martysh, Darja"]
[Result "0-1"]
[WhiteElo "1793"]
[BlackElo "1894"]
[PlyCount "138"]
[EventDate "2018.01.27"]
[EventType "swiss"]
[EventRounds "9"]
[EventCountry "RUS"]
[SourceTitle "CBM 182 Extra"]
[Source "ChessBase"]
[SourceDate "2018.02.23"]
[SourceVersion "1"]
[SourceVersionDate "2018.02.23"]
[SourceQuality "1"]

1. d4 Nf6 2. c4 g6 3. f3 Bg7 4. e4 d6 5. Nc3 0-0 6. Be3 Na6 7. Qd2 c5 8. Nge2 Re8 9. 0-0-0 Qa5 10. g4 Rd8 11. Bh6 Bh8 12. h4 Nb4 13. Kb1 Nc6 14. Be3 a6 15. d5 Ne5 16. Ng1 Bd7 17. Bf4 b5 18. Bxe5 dxe5 19. h5 Qb6 20. hxg6 fxg6 21. Nh3 Bg7 22. Nf2 Rab8 23. Ka1 Qd6 24. b3 bxc4 25. Bxc4 Rb6 26. Nd3 Bb5 27. Qf2 Rc8 28. Nb2 Rf8 29. Qe3 Rfb8 30. Nca4 R6b7 31. Qxc5 Bxa4 32. Nxa4 Ra8 33. Qxd6 exd6 34. Be2 Nd7 35. Rc1 a5 36. Rc6 Bf8 37. Rhc1 Bh6 38. R1c2 Bf8 39. Rc7 Rab8 40. Rxb7 Rxb7 41. Ba6 Ra7 42. Bc8 Nf6 43. Be6+ Kg7 44. Nb6 Kh6 45. Kb1 Kg5 46. Kc1 Kf4 47. Rc3 h5 48. gxh5 gxh5 49. Nc4 h4 50. Ne3 Rg7 51. Kd2 Rg3 52. Ke2 h3 53. Nf5 Rg1 54. Kf2 h2 55. Ng3 Rxg3 56. Rc1 Rxf3+ 57. Kg2 Nxe4 58. Kxh2 Rf2+ 59. Kg1 Rxa2 60. Rf1+ Kg3 61. Rxf8 Ra1+ 62. Rf1 Rxf1+ 63. Kxf1 Nd2+ 64. Ke2 Nxb3 65. Bd7 Nc5 66. Bb5 Kf4 67. Bc4 Ke4 68. Ba2 Kd4 69. Kd2 a4 0-1